चाणक्य-नीति (Record no. 983)

MARC details
000 -LEADER
fixed length control field 01066 a2200229 4500
005 - DATE AND TIME OF LATEST TRANSACTION
control field 20080903111320.0
008 - FIXED-LENGTH DATA ELEMENTS--GENERAL INFORMATION
fixed length control field 080903t xxu||||| |||| 00| 0 hin d
010 ## - LIBRARY OF CONGRESS CONTROL NUMBER
LC control number HIN-78903
020 ## - INTERNATIONAL STANDARD BOOK NUMBER
Terms of availability 150.00
035 ## - SYSTEM CONTROL NUMBER
System control number HN-51249
037 ## - SOURCE OF ACQUISITION
Source of stock number/acquisition D.B.Act / pub
082 ## - DEWEY DECIMAL CLASSIFICATION NUMBER
Classification number 170
100 ## - MAIN ENTRY--PERSONAL NAME
Personal name पाराशर, अश्विनी
245 ## - TITLE STATEMENT
Title चाणक्य-नीति
Statement of responsibility, etc अश्विनी पाराशन
246 ## - VARYING FORM OF TITLE
Title proper/short title Chanakya Niti
Remainder of title Ashwani Parashar
260 ## - PUBLICATION, DISTRIBUTION, ETC. (IMPRINT)
Place of publication, distribution, etc दिल्ली
Name of publisher, distributor, etc अनिल प्रकाशन
Date of publication, distribution, etc 2005
270 ## - ADDRESS
Address 2619,न्यू मार्किट,नई सड़क
City दिल्ली
Postal code 110006
300 ## - PHYSICAL DESCRIPTION
Extent 152पृ
Dimensions 22सेमी (सजिल्द)
490 ## - SERIES STATEMENT
Series statement सत्साहित्य ग्रंथमाला का अष्टम पुष्प-viii
942 ## - ADDED ENTRY ELEMENTS (KOHA)
Institution code [OBSOLETE] dpl
Koha item type Hindi Books
Call number prefix 170 / पाराश
Source of classification or shelving scheme Dewey Decimal Classification
Classification part 170
Call number suffix पाराश
Holdings
Withdrawn status Lost status Damaged status Not for loan Collection code Home library Current library Date acquired Cost, normal purchase price Total Checkouts Full call number Barcode Date last seen Copy number Uniform Resource Identifier Cost, replacement price Price effective from Koha item type
      Not For Loan Non-fiction D.B.Act.Division D.B.Act.Division 03/09/2008 150.00   170 पाराश HN-51249 15/09/2008 1 1047 150.00 15/09/2008 Hindi Books

© Delhi Public Library
Hit Counter
free hit counter